[Event "Challenge"]
[Site "http://www.queenalice.com/game.php?id=654"]
[Date "2004.9.13"]
[Round "-"]
[White "memory60"]
[Black "trainspoti"]
[Result "1-0"]
[WhiteElo "1174"]
[BlackElo "1373"]

1. e4 c6 2. Bc4 d5 3. exd5 cxd5 4. Bb5+ Bd7 5. Qe2 e6 6. Nf3 a6 7. Bxd7+ Nxd7 8.
O-O Ngf6 9. d3 Bc5 10. Be3 Bxe3 11. fxe3 O-O 12. d4 Qb6 13. b3 Rfc8 14. c4 dxc4
15. bxc4 Qa5 16. Nbd2 e5 17. Nb3 Qa4 18. Rac1 exd4 19. exd4 Re8 20. Ne5 Nxe5 21.
dxe5 Nd7 22. Rf5 Qb4 23. Rcf1 Nf6 24. Qf3 1-0

[Event "QA-01-ADV"]
[Site "http://www.queenalice.com/game.php?id=684"]
[Date "2004.9.15"]
[Round "1"]
[White "zygantron"]
[Black "memory60"]
[Result "1/2-1/2"]
[WhiteElo "1723"]
[BlackElo "1374"]

1. d4 d5 2. Nc3 e6 3. Nf3 Bb4 4. Qd3 h6 5. Bf4 Nf6 6. a3 Ba5 7. e3 c6 8. Be2 Ne4
9. b4 Nxc3 10. Qxc3 Bc7 11. Bxc7 Qxc7 12. Ne5 Nd7 13. f4 Nf6 14. O-O a6 15. a4
Nd7 16. b5 Nxe5 17. fxe5 axb5 18. axb5 Rxa1 19. Rxa1 O-O 20. Qc5 Bd7 21. b6 Qd8
22. Ra7 Bc8 23. Bf3 f6 24. exf6 Rxf6 25. Ra1 Rf8 26. Re1 Qg5 27. Kh1 e5 28. dxe5
Qxe5 29. Qd4 Re8 30. c3 g6 31. Kg1 Qxd4 32. cxd4 Kf7 33. Kf2 Bf5 1/2-1/2

[Event "QA-01-ADV"]
[Site "http://www.queenalice.com/game.php?id=685"]
[Date "2004.9.15"]
[Round "1"]
[White "memory60"]
[Black "zygantron"]
[Result "1-0"]
[WhiteElo "1461"]
[BlackElo "1680"]

1. e4 d6 2. Bc4 g6 3. d4 Bg7 4. Nf3 c5 5. Ng5 e6 6. dxc5 Qa5+ 7. c3 Qxc5 8. Qd3
h6 9. Bb5+ Bd7 10. Bxd7+ Nxd7 11. Nf3 Ngf6 12. Be3 Qc7 13. O-O Nc5 14. Bxc5 dxc5
15. Na3 Rd8 16. Qe3 a6 17. Rad1 O-O 18. Rxd8 Rxd8 19. Nc4 Ng4 20. Qc1 b5 21. Ne3
Ne5 22. Nxe5 Bxe5 23. Ng4 Bf4 24. Qc2 h5 25. Ne3 Bxh2+ 26. Kh1 Bf4 27. Qe2 Qe5
28. Rd1 Qc7 29. Rxd8+ Qxd8 30. g3 Bc7 31. Kg2 Qd6 32. c4 b4 33. b3 h4 34. Qg4
hxg3 35. Qxg3 Qxg3+ 36. fxg3 f5 37. exf5 gxf5 38. Kf3 Kg7 39. g4 Kf6 40. gxf5
exf5 41. Nd5+ 1-0

[Event "QA-01-ADV"]
[Site "http://www.queenalice.com/game.php?id=696"]
[Date "2004.9.15"]
[Round "1"]
[White "kstuart"]
[Black "memory60"]
[Result "1-0"]
[WhiteElo "1629"]
[BlackElo "1387"]

1. d4 d5 2. c4 e6 3. c5 Bd7 4. e3 c6 5. Nf3 a6 6. Bd3 f6 7. Qc2 f5 8. Nc3 Be7 9.
Ne5 Bc8 10. Na4 Nd7 11. Nxd7 Bxd7 12. Nb6 Rb8 13. O-O Bg5 14. b4 Nf6 15. a4 O-O
16. Bb2 Be8 17. Rfe1 Ne4 18. Rab1 Bf7 19. b5 axb5 20. axb5 Bh4 21. Re2 Qc7 22.
f3 Nf6 23. Ra1 Nd7 24. Nxd7 Qxd7 25. b6 Bg6 26. Ra7 Ra8 27. Qa4 Rxa7 28. bxa7
Ra8 29. Bc3 Qc7 30. Rb2 Bg5 31. f4 Bh4 32. Be2 Bf7 33. Bf3 1-0

[Event "QA-01-ADV"]
[Site "http://www.queenalice.com/game.php?id=697"]
[Date "2004.9.15"]
[Round "1"]
[White "memory60"]
[Black "kstuart"]
[Result "0-1"]
[WhiteElo "1585"]
[BlackElo "1575"]

1. e4 b6 2. d4 Bb7 3. Nc3 e6 4. Nf3 d5 5. e5 Bb4 6. a3 Bxc3+ 7. bxc3 Ne7 8. Bg5
Nd7 9. Bb5 h6 10. Bxe7 Qxe7 11. c4 c6 12. Ba4 dxc4 13. c3 Rd8 14. Bc2 c5 15. Qe2
cxd4 16. cxd4 b5 17. O-O Nb6 18. Be4 Bxe4 19. Qxe4 O-O 20. Qc6 Rd5 21. a4 Rc8
0-1

[Event "QA-01-ADV"]
[Site "http://www.queenalice.com/game.php?id=702"]
[Date "2004.9.15"]
[Round "1"]
[White "startstek"]
[Black "memory60"]
[Result "1-0"]
[WhiteElo "1560"]
[BlackElo "1517"]

1. e4 e5 2. Nf3 d6 3. d4 exd4 4. Nxd4 g6 5. Nc3 Bg7 6. Be3 Nc6 7. Qd2 Bxd4 8.
Bxd4 Nxd4 9. Qxd4 Qf6 10. Qxf6 Nxf6 11. O-O-O Bg4 12. f3 Be6 13. Nb5 O-O-O 14.
Nxa7+ Kb8 15. Nb5 Ne8 16. Nd4 Nf6 17. Nxe6 fxe6 18. Bc4 Rde8 19. Rhe1 e5 20. Rd3
Kc8 21. Red1 Nd7 22. b4 Nb8 23. a4 Nc6 24. c3 b6 25. Bb5 Kd7 26. Kb2 Ra8 27. Kb3
Raf8 28. c4 Ra8 29. c5 bxc5 30. bxc5 Ke6 31. Bxc6 Rab8+ 32. Ka3 dxc5 33. Rd7 Rb4
34. Rxc7 Rd4 35. Rxd4 cxd4 36. Rd7 Rc8 37. Bb5 Rc3+ 38. Kb2 h6 39. Rd5 1-0

[Event "QA-01-ADV"]
[Site "http://www.queenalice.com/game.php?id=703"]
[Date "2004.9.15"]
[Round "1"]
[White "memory60"]
[Black "startstek"]
[Result "0-1"]
[WhiteElo "1408"]
[BlackElo "1604"]

1. e4 e5 2. Bc4 Nf6 3. d3 Bc5 4. Nf3 Nc6 5. Bg5 h6 6. Bxf6 Qxf6 7. O-O d6 8. Nc3
Bg4 9. Nd5 Qd8 10. Bb5 O-O 11. Bxc6 bxc6 12. Ne3 Bd7 13. Qd2 Rb8 14. Qc3 Bb4 15.
Qc4 Rb6 16. d4 Be6 17. d5 cxd5 18. exd5 Bd7 19. Rfd1 Bc5 20. Qc3 f5 21. a4 Rb8
22. b3 g5 23. Nc4 g4 24. Nfd2 Bd4 25. Qd3 Bxa1 26. Rxa1 Qf6 27. c3 Kh8 28. Ne3
Rg8 29. g3 f4 30. Nef1 Bf5 31. Qc4 Rg7 32. gxf4 exf4 33. Qxf4 Rf8 34. Ne3 Qxc3
35. Qxh6+ Bh7 36. Rd1 Qf6 37. Qxf6 Rxf6 38. b4 Rf4 39. Ndc4 Rgf7 40. Rd2 Bf5 41.
Kf1 a6 42. Kg2 Bd7 43. Ra2 Kg7 44. a5 Bb5 45. Rc2 Kg6 46. Kg3 Kg5 47. Kg2 Rd4
48. Kg3 Rff4 49. Nd2 Rf7 50. h3 Rxb4 51. hxg4 Ra4 52. f3 Rxa5 53. f4+ Kg6 54.
Nf3 Ra3 55. f5+ Kg7 56. Kf4 Ra4+ 57. Kg5 Re4 0-1

[Event "scander"]
[Site "http://www.queenalice.com/game.php?id=790"]
[Date "2004.9.21"]
[Round "-"]
[White "Scander"]
[Black "memory60"]
[Result "1-0"]
[WhiteElo "1796"]
[BlackElo "1466"]

1. e4 e5 2. f4 exf4 3. Bc4 Qg5 4. Nf3 Qxg2 5. Rg1 Qh3 6. Bxf7+ Kd8 7. d3 Qh6 8.
Rg4 Bd6 9. e5 Bb4+ 10. c3 Bf8 11. Bxf4 Qb6 12. Bg5+ Ne7 13. Qe2 d6 14. Rb4 Qa6
15. Nbd2 Nc6 16. exd6 cxd6 17. Bc4 Qa5 18. Rb5 Qc7 19. Rd5 h6 20. Ne4 hxg5 21.
Rxd6+ Bd7 22. Be6 Nb8 23. Nfxg5 Kc8 24. Qg4 Rxh2 25. O-O-O Nec6 26. Bxd7+ Nxd7
27. Qf4 Rh6 28. Nf7 Rg6 29. Rh1 Nd4 30. Kd1 Nb5 31. Rh8 Rg1+ 32. Kd2 Rg2+ 33.
Ke3 b6 34. Qf5 Rg3+ 35. Kf2 Nxd6 36. Rxf8+ Ne8 37. Rxe8+ Kb7 38. Nfd6+ Qxd6 39.
Nxd6+ 1-0

[Event "Challenge"]
[Site "http://www.queenalice.com/game.php?id=1213"]
[Date "2004.10.16"]
[Round "-"]
[White "floridaflag"]
[Black "memory60"]
[Result "1-0"]
[WhiteElo "1413"]
[BlackElo "1457"]

1. e4 e5 2. Nf3 d6 3. d4 exd4 4. Nxd4 g6 5. Nc3 Bg7 6. Bd3 a6 7. Be3 c5 8. Nf3
Nc6 9. O-O Bg4 10. h3 Be6 11. Qd2 h6 12. Be2 Qb6 13. Qxd6 Qxb2 14. Nd5 Bxd5 15.
exd5 Nb4 16. Bd4 cxd4 17. Bb5+ 1-0

[Event "Let's Play Chess!"]
[Site "http://www.queenalice.com/game.php?id=32502"]
[Date "2005.10.11"]
[Round "-"]
[White "memory60"]
[Black "cJw314"]
[Result "1-0"]
[WhiteElo "1411"]
[BlackElo "1423"]

1. e4 d5 2. exd5 Qxd5 3. Nc3 Qa5 4. d4 e5 5. d5 Nf6 6. Nf3 Bb4 7. Bd2 Nxd5 8.
Bb5+ Bd7 9. Nxd5 c6 10. Bxb4 Qxb5 11. Nc7+ Kd8 12. Nxb5 cxb5 13. Qd5 Nc6 14. Rd1
1-0

[Event "Let's Play Chess!"]
[Site "http://www.queenalice.com/game.php?id=32506"]
[Date "2005.10.11"]
[Round "-"]
[White "zecafernandes"]
[Black "memory60"]
[Result "0-1"]
[WhiteElo "1210"]
[BlackElo "1441"]

1. e4 e5 2. d4 exd4 3. Qxd4 Nc6 4. Qc4 Bb4+ 5. c3 Ba5 6. Na3 Qf6 7. Be3 Bb6 8.
Nf3 Bxe3 9. fxe3 d6 10. Nb5 Qd8 11. Ng5 Qe7 12. h4 h6 13. Nf3 a6 14. Nbd4 Bd7
15. Qd5 Nf6 16. Qb3 Nxd4 17. Nxd4 Qxe4 18. c4 O-O 19. Rh2 Ng4 20. Bd3 Qxe3+ 21.
Be2 Qf2+ 22. Kd2 Qxd4+ 23. Bd3 Nxh2 24. Qxb7 Bf5 25. Rd1 Qxd3+ 26. Ke1 Qe3# 0-1

[Event "Let's Play Chess!"]
[Site "http://www.queenalice.com/game.php?id=32508"]
[Date "2005.10.11"]
[Round "-"]
[White "zecafernandes"]
[Black "memory60"]
[Result "0-1"]
[WhiteElo "1238"]
[BlackElo "1392"]

1. e4 e5 2. d4 exd4 3. Qxd4 Nc6 4. Qc4 Bb4+ 5. c3 Ba5 6. Na3 Qf6 7. f3 Bb6 8. g4
Ne5 9. Qb3 Bxg1 10. Rxg1 Nxf3+ 11. Kf2 Nd2+ 12. Kg2 Qf3# 0-1

[Event "rematch?"]
[Site "http://www.queenalice.com/game.php?id=35302"]
[Date "2005.10.28"]
[Round "-"]
[White "memory60"]
[Black "cJw314"]
[Result "1-0"]
[WhiteElo "1452"]
[BlackElo "1395"]

1. e4 c5 2. Bc4 e6 3. Nf3 d5 4. exd5 exd5 5. Qe2+ Be6 6. Bb5+ Nd7 7. O-O a6 8.
Bxd7+ Qxd7 9. Ng5 Qb5 10. d3 c4 11. Nxe6 fxe6 12. Qxe6+ Be7 13. Nc3 Qd7 14.
Qxd7+ Kxd7 15. Nxd5 Kd8 16. Nxe7 Nxe7 17. dxc4 Rf8 18. Bg5 Rf5 19. Bxe7+ Kxe7
20. c3 Rc8 21. Rae1+ 1-0

[Event "again?"]
[Site "http://www.queenalice.com/game.php?id=37590"]
[Date "2005.11.12"]
[Round "-"]
[White "cJw314"]
[Black "memory60"]
[Result "0-1"]
[WhiteElo "1403"]
[BlackElo "1463"]

1. e4 e5 2. Nc3 Bb4 3. d4 Bxc3+ 4. bxc3 d6 5. Nf3 Bg4 6. Bc4 Bxf3 7. Qxf3 Qf6 8.
O-O Qxf3 9. gxf3 h6 10. d5 Nf6 11. Be3 c6 12. dxc6 Nxc6 13. f4 Nxe4 14. fxe5
dxe5 15. Bb5 Nxc3 16. Bxc6+ bxc6 17. Bd2 Ne2+ 18. Kg2 f6 19. Rad1 Nd4 20. Rfe1
Nxc2 21. Re4 Rd8 22. f4 Rd4 23. Rxd4 exd4 24. Ba5 Ne3+ 0-1

[Event "AUTO-OPEN-177"]
[Site "http://www.queenalice.com/game.php?id=38781"]
[Date "2005.11.20"]
[Round "1"]
[White "VICSAR"]
[Black "memory60"]
[Result "1-0"]
[WhiteElo "1730"]
[BlackElo "1473"]

1. e4 e5 2. Nf3 d6 3. Nc3 Bg4 4. h3 Bh5 5. d3 Nc6 6. Be2 Bxf3 7. Bxf3 Nd4 8. Nd5
h6 9. c3 Nxf3+ 10. Qxf3 c6 11. Nb4 Nf6 12. Be3 c5 13. Nc2 Qb6 14. b3 Qb5 15. c4
Qc6 16. O-O Qd7 17. Qg3 Nh5 18. Qh2 Be7 19. f4 exf4 20. Bxf4 O-O 21. Ne3 Nxf4
22. Qxf4 Bg5 23. Qg3 Bxe3+ 24. Qxe3 Qe6 25. Rf3 Qg6 26. Rg3 Qe6 27. Rf1 Qe5 28.
Rf5 Qa1+ 29. Kh2 Kh7 30. Qf2 Kg8 31. Rh5 Kh8 32. Rf3 Qd4 33. Qxd4 cxd4 34. Rd5
Rad8 35. Rxd4 Kg8 36. Rd5 Rfe8 37. Ra5 a6 38. b4 Re5 39. Rxe5 dxe5 40. g4 f6 41.
Kg2 Kf7 42. Kf2 Ke6 43. Ke3 Rd4 44. Rf2 b6 45. a4 g6 46. Rb2 g5 47. a5 Rd6 48.
axb6 1-0

[Event "AUTO-OPEN-177"]
[Site "http://www.queenalice.com/game.php?id=38782"]
[Date "2005.11.20"]
[Round "1"]
[White "memory60"]
[Black "VICSAR"]
[Result "0-1"]
[WhiteElo "1481"]
[BlackElo "1724"]

1. e4 g6 2. Nc3 Bg7 3. d4 c6 4. e5 d6 5. Bf4 Qb6 6. Rb1 c5 7. Bb5+ Bd7 8. dxc5
dxc5 9. Bc4 Nc6 10. Bxf7+ Kxf7 11. Qxd7 Nxe5 12. Bxe5 Bxe5 13. Qd5+ Qe6 14.
Qxe6+ Kxe6 15. Ne4 Nf6 16. Nxc5+ Kf7 17. Nf3 Bc7 18. Ng5+ Kg8 19. Nxb7 Bb6 20.
Ne6 Kf7 21. Nec5 Bxc5 22. Nxc5 Rac8 23. b4 Nd5 24. a3 Nf4 25. O-O Rhd8 26. Rfe1
Rd2 27. c4 Nd3 28. Nxd3 Rxd3 29. Re4 Rxa3 30. Rbe1 Rc7 31. Rh4 h5 32. Rf4+ Kg7
33. c5 a6 34. Kf1 Ra4 35. Re6 a5 36. c6 Rxb4 37. Rf3 Rc4 38. Rg3 Rg4 39. Rge3
Kf7 40. R6e5 a4 41. Rc5 Rb4 42. Ke1 Rb3 43. Rxb3 axb3 44. Rb5 Rxc6 45. Rxb3 Rc2
46. Rb6 e6 47. Rb8 Kf6 48. Rg8 Rc1+ 49. Ke2 Rc3 50. Kd2 Ra3 0-1

[Event "AUTO-OPEN-177"]
[Site "http://www.queenalice.com/game.php?id=38807"]
[Date "2005.11.20"]
[Round "1"]
[White "memory60"]
[Black "tiago1311"]
[Result "1-0"]
[WhiteElo "1440"]
[BlackElo "1465"]

1. e4 c5 2. Bc4 d6 3. Qf3 Nf6 4. d3 a6 5. Bg5 Nbd7 6. Nc3 e6 7. Bxf6 Nxf6 8. a3
g6 9. Nge2 Bg7 10. h3 b5 11. e5 d5 12. exf6 Bxf6 13. Bb3 Bb7 14. O-O O-O 15. Nf4
Bxc3 16. bxc3 Qd7 17. d4 c4 18. Ba2 Qd6 19. Bb1 Rae8 20. a4 e5 21. dxe5 Qxe5 22.
axb5 axb5 23. Rd1 Rd8 24. Ra7 Bc6 25. Ra6 Rd6 26. Kf1 Rfd8 27. Re1 Qf6 28. Qg3
d4 29. Nh5 Qf5 30. Qxd6 Rxd6 31. Ra8+ Bxa8 32. Re8# 1-0

[Event "AUTO-OPEN-177"]
[Site "http://www.queenalice.com/game.php?id=38808"]
[Date "2005.11.20"]
[Round "1"]
[White "tiago1311"]
[Black "memory60"]
[Result "1-0"]
[WhiteElo "1300"]
[BlackElo "1473"]

1. d4 d5 2. c4 dxc4 3. Nc3 Bd7 4. e4 b5 5. a3 e6 6. Bf4 c6 7. Nf3 h6 8. h3 c5 9.
b3 b4 10. axb4 cxb4 11. Nb1 c3 12. Bc4 Nf6 13. Qd3 Bc6 14. d5 Bd6 15. Bxd6 Qxd6
16. dxc6 Qxd3 17. Bxd3 Nxc6 18. O-O Rd8 19. Bb5 Rd6 20. e5 1-0

[Event "AUTO-OPEN-177"]
[Site "http://www.queenalice.com/game.php?id=38809"]
[Date "2005.11.20"]
[Round "1"]
[White "memory60"]
[Black "potoko"]
[Result "0-1"]
[WhiteElo "1466"]
[BlackElo "1529"]

1. e4 e5 2. Bc4 Nf6 3. d3 d5 4. exd5 Bb4+ 5. c3 Bc5 6. Bg5 Qe7 7. Nf3 e4 8. Bxf6
gxf6 9. dxe4 Qxe4+ 10. Qe2 Qxe2+ 0-1